Eyre v McCracken (Record no. 64545)

MARC details
000 -LEADER
fixed length control field 01184cam a2200229 4500
001 - CONTROL NUMBER
control field ABS62758
008 - FIXED-LENGTH DATA ELEMENTS--GENERAL INFORMATION
fixed length control field 000000n2000 000 0 eng u
035 ## - SYSTEM CONTROL NUMBER
System control number (Sirsi) u108032
245 ## - TITLE STATEMENT
Title Eyre v McCracken
260 ## - PUBLICATION, DISTRIBUTION, ETC.
Date of publication, distribution, etc. 2000
490 ## - SERIES STATEMENT
Series statement Property and Compensation Reports
Volume/sequential designation [2000] 80 P&CR 220-229(5)
520 ## - SUMMARY, ETC.
Summary, etc. Ca 10 March 2000. Tenant, M, was granted a tenancy for seven and a quarter years in 1976. There was a prohibition on assignment. M was a protected tenant and had held over on expiry of the term. E commenced proceedings for possession and damages for breach of repairing covenants in the lease. Lower court found M liable for most of the disrepair claimed and ordered that M must give up possession unless repairs done within a year. Works included a damp-proof course which would cost £15,000 to instal. M disputed liability for the installation of a damp-proof course and appealed. "Held" appeal allowed.
590 ## - LOCAL NOTE (RLIN)
Local note ABS
650 ## - SUBJECT ADDED ENTRY--TOPICAL TERM
Topical term or geographic name entry element EYRE V MCCRACKEN
650 ## - SUBJECT ADDED ENTRY--TOPICAL TERM
Topical term or geographic name entry element REPAIRS
650 ## - SUBJECT ADDED ENTRY--TOPICAL TERM
Topical term or geographic name entry element POSSESSION
650 ## - SUBJECT ADDED ENTRY--TOPICAL TERM
Topical term or geographic name entry element LIABILITY
650 ## - SUBJECT ADDED ENTRY--TOPICAL TERM
Topical term or geographic name entry element REPAIRING COVENANT
650 ## - SUBJECT ADDED ENTRY--TOPICAL TERM
Topical term or geographic name entry element DAMP-PROOF COURSE
690 ## - LOCAL SUBJECT ADDED ENTRY--TOPICAL TERM (OCLC, RLIN)
Topical term or geographic name as entry element LANDLORD AND TENANT-LEASES-CASE LAW
942 ## - ADDED ENTRY ELEMENTS (KOHA)
Suppress in OPAC 0
Holdings
Withdrawn status Lost status Source of classification or shelving scheme Damaged status Not for loan Home library Current library Shelving location Date acquired Total Checkouts Full call number Barcode Date last seen Copy number Price effective from Koha item type
    Dewey Decimal Classification     London London Journal article 30/08/2000   ABS62758 108032-1001 06/08/2019 1 06/08/2019 Law report